书目信息 |
| 题名: |
哲学家列宁
|
|
| 作者: | 罗森塔尔 主编 ;沈真 , 周国平 , 李鹏程 译 | |
| 分册: | ||
| 出版信息: | 北京 北京出版社 1985 |
|
| 页数: | 446页 | |
| 开本: | 19cm | |
| 丛书名: | ||
| 单 册: | ||
| 中图分类: | A82 | |
| 科图分类: | ||
| 主题词: | 列宁著作--学习 , 列宁著作研究 | |
| 电子资源: | ||
| ISBN: | ||
| 000 | 00830nam0 2200289 45 | |
| 001 | 0185000056 | |
| 005 | 20050530095854.0 | |
| 010 | @dCNY2.65 | |
| 091 | @a2071.24 | |
| 100 | @a19901005d1985 emky0chiy0121 ea | |
| 101 | 1 | @achi@crus |
| 102 | @aCN@b110000 | |
| 105 | @ay z 000yd | |
| 200 | 10 | @a哲学家列宁@Azhe xue jia lie ning@f(苏)马·莫·罗森塔尔主编@F(Su)Ma·Mo·Luo Sen Ta Er Zhu Bian@g沈真等译 |
| 210 | @a北京@c北京出版社@d1985 | |
| 215 | @a446页@d19cm | |
| 300 | @a根据1969年俄文版译出 | |
| 606 | 0 | @a列宁著作@x学习 |
| 606 | 0 | @a列宁著作研究 |
| 690 | @aA82@v3 | |
| 701 | 0 | @a罗森塔尔@4主编 |
| 702 | 0 | @a沈真@Ashen zhen@4译 |
| 702 | 0 | @a周国平@Azhou guo ping@4译 |
| 702 | 0 | @a李鹏程@Ali peng cheng@4译 |
| 801 | 0 | @aCN@b深圳图书馆@c20040424 |
| 801 | 2 | @aCN@bNLC@c20040424 |
| 905 | @dA82@e10@f1@b163561 | |
| 哲学家列宁/(苏)马·莫·罗森塔尔主编/沈真等译.-北京:北京出版社,1985 |
| 446页;19cm |
| 根据1969年俄文版译出 |
| ISBN :CNY2.65 |
| ● |
| 相关链接 |
|
|
|
|
正题名:哲学家列宁
索取号:A82/10
 
预约/预借
| 序号 | 登录号 | 条形码 | 馆藏地/架位号 | 状态 | 备注 |
| 1 | 0163559 | 000919554 | 第一借阅区/ [索取号:A82/10] | 在馆 | |
| 2 | 0163560 | 001973145 | 第一借阅区/ [索取号:A82/10] | 在馆 | |
| 3 | 0163561 | 002047519 | 第一样本阅览室/ [索取号:A82/10] | 在馆 |